Statistics for US States By Vowels

Click here to take the quiz!

General Stats

  • This quiz has been taken 779 times
  • The average score is 43 of 50

Answers on the Map

Answers color-coded by a green-red scale on the quiz's map according to % correct below.
 

Answer Stats

State% Correct
aa
99%
ea
98%
Aaa
97%
Aaa
97%
aio
97%
e o
97%
eo
96%
oia
96%
eaa
94%
eaa
94%
aioia
93%
Oaoa
92%
o aoa
92%
iia
91%
e ee
90%
Iao
90%
e eio
89%
oaa
89%
Oeo
89%
aie
88%
Aioa
88%
eoia
87%
iiii
87%
ou aoa
87%
Aaaa
86%
ooao
86%
Ua
86%
Ioa
85%
Oio
85%
o aoia
83%
ouiiaa
83%
iiia
82%
ou aoia
82%
aaii
81%
Iioi
81%
yoi
81%
ioi
80%
eeee
79%
euy
79%
e iiia
78%
ieoa
78%
Iiaa
78%
ioui
78%
e aie
74%
eyaia
74%
oe Ia
73%
aaue
72%
aya
71%
eaae
70%
oeiu
70%

Score Distribution

Percentile by Number Answered

Percent of People with Each Score

Your Score History

You have not taken this quiz